| 000 | 00709cam a22002411 4500 | ||
|---|---|---|---|
| 001 | sa 67005919 | ||
| 003 | DLC | ||
| 005 | 20260227112402.0 | ||
| 008 | 770718s1957 ii a b 000 0 eng | ||
| 010 | _asa 67005919 | ||
| 035 | _a(OCoLC)3123573 | ||
| 040 |
_aDLC _cTNJ _dOCoLC _dDLC |
||
| 042 | _apremarc | ||
| 050 | 0 | 0 |
_aDS432.K585 _bG5 |
| 082 | _a390/.0954 | ||
| 100 | 1 |
_aGhurye, G. S. _q(Govind Sadashiv), _d1893-1983. |
|
| 245 | 1 | 4 |
_aThe Mahadev Kolis _c[by] G. S. Ghurye. |
| 260 |
_aBombay, _bPopular Book Depot, _c1957. |
||
| 300 |
_a267 p. _billus. _c23 cm. |
||
| 500 | _aCover title: The Mahadev Kolis, a scheduled tribe. | ||
| 504 | _aBibliographical footnotes. | ||
| 650 | 0 | _aKoli (Indic people) | |
| 999 |
_c75547 _d75547 |
||